Cơ sở lí thuyết hóa học

Na minha lista:
Detalhes bibliográficos
Autor principal: Lê Mậu Quyền
Formato: Livro
Idioma:Undetermined
Publicado em: Hà Nội KHKT 1996
Assuntos:
Tags: Adicionar Tag
Sem tags, seja o primeiro a adicionar uma tag!
Thư viện lưu trữ: Trung tâm Học liệu Trường Đại học Cần Thơ
LEADER 00488nam a2200169Ia 4500
001 CTU_27974
008 210402s9999 xx 000 0 und d
082 |a 541.076 
082 |b Qu527 
100 |a Lê Mậu Quyền 
245 0 |a Cơ sở lí thuyết hóa học 
245 0 |c Lê Mậu Quyền 
260 |a Hà Nội 
260 |b KHKT 
260 |c 1996 
650 |a chemistry - problems, exercises, etc 
980 |a Trung tâm Học liệu Trường Đại học Cần Thơ